Saved in:
| Corporate Author: | |
|---|---|
| Format: | Book |
| Language: | Malay |
| Tags: |
Add Tag
No Tags, Be the first to tag this record!
|
| Call Number : |
MARC
| LEADER | 00000pam a2200000 a 4500 | ||
|---|---|---|---|
| 001 | 23874 | ||
| 003 | MY-KLNDU | ||
| 005 | 20241218081335.0 | ||
| 008 | s2003 my d a 1 maydc | ||
| 035 | |a 0000037264 | ||
| 039 | 9 | |a 201702101128 |b faiz |c 201702101127 |d faiz |c 201002101230 |d aiza |y 200910091729 |z VLOAD | |
| 710 | 1 | 1 | |a UTM-ATMA |
| 999 | |a vtls000033401 |c 23874 |d 23874 | ||